00518nam a2200169 a 450000100060000000300090000600800410001502000150005604000280007108200180009910000200011724500980013726000420023530000070027765000380028465000260032213254CO-ViMGA141112s2004 ck r 000 u spa d a9589206654 aCO-ViMGAbspacCO-ViMGA04a374.012 S243e1 aSchiefelbein, E10aeducación basica y analfabetismo en los paises latinoAméricanos del Convenio Andres Bello aSantafé de Bogotá : bCAB, c1995 a7414aALFABETIZACION DE ADULTOS - CHILE14aANALFABETISMO - CHILE